header

Why study literature? (Record no. 99798)

MARC details
000 -LEADER
fixed length control field 01286nam a2200325Ia 4500
245 00 - TITLE STATEMENT
Title Why study literature?
260 ## - PUBLICATION, DISTRIBUTION, ETC. (IMPRINT)
Place of publication Aarhus :
Name of publisher Aarhus University Press ;
Place of publication Bristol, CT :
Name of publisher distributed by ISBC,
Year of publication 2011.
300 ## - PHYSICAL DESCRIPTION
Number of Pages 256 p. :
Other physical details ill.
650 #0 - SUBJECT ADDED ENTRY--TOPICAL TERM
Topical Term Literature and society.
Topical Term Literature
Topical Term Literature
700 1# - ADDED ENTRY--PERSONAL NAME
Personal name Alber, Jan,
856 40 - ELECTRONIC LOCATION AND ACCESS
Uniform Resource Identifier http://site.ebrary.com/lib/rucke/Doc?id=10603483

No items available.

© 2026 Rongo University
Contact us: librarian | system librarian | Rongo university